000 00245nam a22001097a 4500
999 _c65053
_d65050
082 _a۲۱۵ ر ح م
100 _aمنشی عبدالرمان
245 _aمذہب اور اسلام
260 _aملتان
300 _a۲۸۶
942 _cBK